00255pab a2200097 454500008003600000100001700036245005200053650001700105650002100122773001400143180718b xxu||||| |||| 00| 0 eng d aRoy, Samaren aIndian by birth: the irrelevance of reservation a Reservation aBackward Classes aStatesman